00740cam a2200205 a 450000100100000000500170001000800410002704000290006808200150009710000290011224500520014126000830019330000240027650000450030050500570034550400740040265000140047665000230049065000210051300001356420250707112615.0830113s1969 ve a b f001 0 spa d aDO-SdBNPbspacLCdBNPHU a330bP452t1 aPernaut Ardanaz, Manuel.10aTeoría económica /cManuel Pernaut Ardanaz. aCaracas :bUniversidad Católica Andres Bello, Facultad de Economía,c1969. av. :bil. ;c25 cm. aLa biblioteca sólo posee el volumen 2.0 aIncluye índice alfabético de autores y materias. aIncluye notas y referencias bibliográficas al pie de las páginas. 0aEconomia  4aTeoria económica 4aTeoria monetaria